000 00318 a2200121 4500
005 20250629110316.0
082 _a350.00 WAR
100 _aWARIOBA, l.
245 _aPublic Policy Training Manual,
260 _aDar es salaam.
_bMZUMBE UNIVERSITY,
_c2003.
300 _avi, 61p,: ill.;
_bBibliograpy
_c21cm
942 _2ddc
_cBKS
999 _c6277
_d6277